One place after another : site-specific art and locational identity

Αποθηκεύτηκε σε:
Λεπτομέρειες βιβλιογραφικής εγγραφής
Κύριος συγγραφέας: Kwon, Miwon
Μορφή: Βιβλίο
Γλώσσα:English
Δημοσίευση: Cambridge, Mass. : MIT Press, 2004, c2002.
Θέματα:
Ετικέτες: Προσθήκη ετικέτας
Δεν υπάρχουν, Καταχωρήστε ετικέτα πρώτοι!

MARC

LEADER 00000cam a2200000 i 4500
001 1/50882
008 070806s2004####enk ||| | eng||
020 |a 978262612029  
020 |a 0-262-61202-X (pbk.) 
035 |l 10089571 
040 |a GR-MY-UA  |b gre  |e aacr 
041 0 |a eng 
082 0 |a 709.0407   |2 (22) 
100 1 |a Kwon, Miwon. 
245 1 0 |a One place after another :   |b site-specific art and locational identity /   |c Miwon Kwon.  
260 |a Cambridge, Mass. :   |b MIT Press,   |c 2004, c2002.  
300 |a 218 σ. :   |b εικ. ;   |c 23 εκ.  
504 |a Περιέχει βιβλιογραφικές αναφορές και ευρετήριο.  
650 0 0 |a Site-specific art. 
650 0 0 |a Art, Modern  |y 20th century. 
852 |a INST  |b LESVOS  |e 20070806  |h 709.0407 KWO  |p 005100039256  |q 005100039256  |t BK  |y 0 
852 |a INST  |b LESVOS  |e 20180314  |h 709.0407 KWO  |p 005100060063  |q 005100060063  |t BK  |y 0 
901 |a BIBL1-2007-2 
909 |a Λ  |b 137939 
922 |a 1ΕΛΗ  |b 200707  |c ΕΠΕΑΕΚ2/ΠΤΕ  |d ΕΛΕΥΘΕΡΟΥΔΑΚΗΣ 
970 |a ΒΑΡΚΑ  |b ΕΛΕΥΘΕΡΙΑ  |z 2007/08/06